[Event "Medellin Cuartas Memorial B"]
[Site "Medellin"]
[Date "2011.08.05"]
[Round "4.51"]
[White "Gomez, Nicolas de Jesus"]
[Black "Monsalve Zapata, Jehison"]
[Result "0-1"]
[WhiteElo "1589"]
[BlackElo "1611"]
[PlyCount "70"]
[EventDate "2011.08.03"]
[EventType "swiss"]
[EventRounds "8"]
[EventCountry "COL"]
[SourceTitle "EXT 2024"]
[Source "ChessBase"]
[SourceDate "2023.10.10"]
[SourceVersion "1"]
[SourceVersionDate "2023.10.10"]
[SourceQuality "1"]

1. d4 Nf6 2. c4 c5 3. Nf3 cxd4 4. Nxd4 Nc6 5. Nxc6 bxc6 6. Nd2 e6 7. e3 d5 8. cxd5 cxd5 9. b3 Bd6 10. Bb2 0-0 11. Be2 a5 12. 0-0 Ba6 13. Re1 Bxe2 14. Rxe2 Nd7 15. e4 Qb8 16. Nf3 dxe4 17. Rxe4 Nb6 18. Qd4 f6 19. Rxe6 Rd8 20. Qg4 Kf7 21. Rae1 Bb4 22. Qh5+ Kg8 23. Rc1 Nd7 24. Nh4 Nf8 25. Rec6 Ra7 26. Nf5 Bd2 27. R1c2 Rad7 28. g3 g6 29. Bxf6 gxh5 30. Rxd2 Ng6 31. Nh6+ Kf8 32. Rdc2 Re8 33. Nf5 Qb7 34. Nd6 Re1+ 35. Kg2 Rxd6 0-1